00249nam a2200097 a 450000500170000000800410001705000240005824500420008265000120012465000150013620140414132056.0100520s19uu xx 00 eng d aREF 574.5bD53 1995 aDictionary of ecology and plant life. aEcology aPlant life